000 00461nam a2200181 a 4500
001 1607
003 CDMR
005 20131107141242.0
008 130130s1973||||||||||||||||||||||||||||d
040 _aCDMR
_bcat
_cCDMR
100 1 _aDardano, Maurizio
_91212
245 1 3 _aIl linguaggio dei giornali italiani
260 _aRoma
_c1973
_bLaterza
300 _a459 p.
650 0 4 _92326
_aPremsa i llenguatge
650 0 4 _94108
_aPeriodisme
_zItàlia
942 _cMON
_2udc
999 _c1607
_d1607